[Event "C.to Italiano U16"]
[Site "Merano - Meran ITA"]
[Date "2008.07.07"]
[Round "2"]
[White "Bonassi, Tommaso"]
[Black "Fiorentini, Paolo"]
[Result "0-1"]
[WhiteElo "1695"]
[BlackElo "1946"]
[PlyCount "76"]
[EventDate "2008.07.06"]

1. e4 c5 2. Nf3 d6 3. d4 cxd4 4. Nxd4 Nf6 5. Nc3 a6 6. Bc4 e6 7. Bb3 Be7 8. Be3
O-O 9. f3 Nc6 10. Qe2 Qc7 11. O-O-O b5 12. g4 Nxd4 13. Bxd4 e5 14. Be3 Be6 15.
g5 Nh5 16. Nd5 Bxd5 17. Bxd5 Rac8 18. Rd2 Kh8 19. Rg1 f5 20. exf5 Rb8 21. Be4
Nf4 22. Bxf4 exf4 23. Qf2 Rbc8 24. Qh4 d5 25. Bd3 Bc5 26. Rgg2 Be3 27. f6 gxf6
28. gxf6 Rg8 29. Kd1 Bxd2 30. Rxg8+ Rxg8 31. Kxd2 d4 32. Qh5 Rf8 33. Qd5 Qf7
34. Qe4 Qg6 35. Qxd4 Qxf6 36. Qa7 Rf7 37. Qa8+ Kg7 38. Qe4 Kh6 0-1

[Event "C.to Italiano U16"]
[Site "Merano - Meran ITA"]
[Date "2008.07.07"]
[Round "2"]
[White "Castellini, Alessandro"]
[Black "Coladangelo, Andrea"]
[Result "0-1"]
[WhiteElo "1600"]
[BlackElo "1866"]
[PlyCount "84"]
[EventDate "2008.07.06"]

1. e4 c5 2. Nf3 d6 3. d4 cxd4 4. Nxd4 Nf6 5. Nc3 a6 6. Be3 e5 7. Nb3 Be6 8. Rc1
Be7 9. Be2 Nbd7 10. O-O b5 11. Bd3 O-O 12. h3 Qc7 13. f4 Nb6 14. f5 Nc4 15. Qe1
Nxe3 16. Qxe3 Bc4 17. Qf3 Qb7 18. Na5 Qb6+ 19. Kh1 Qxa5 20. Bxc4 bxc4 21. g4
Nd7 22. Nd5 Bg5 23. Ra1 Nf6 24. Nxf6+ Bxf6 25. Qg2 Bg5 26. h4 Bxh4 27. g5 f6
28. gxf6 Rxf6 29. Qe2 Qc7 30. Rf3 Bg5 31. Rg1 Rh6+ 32. Kg2 Bf4 33. Kf1 Rh2 34.
Qd1 Qc6 35. Qe1 Rb8 36. Rfg3 Rb7 37. Rg4 c3 38. R4g3 Qc4+ 39. Rd3 cxb2 40. Qb1
Qxc2 41. Qxc2 Rxc2 42. f6 b1=Q+ 0-1

[Event "C.to Italiano U16"]
[Site "Merano - Meran ITA"]
[Date "2008.07.07"]
[Round "2"]
[White "Ciano, Alessandro"]
[Black "Valsecchi, Alessio"]
[Result "0-1"]
[WhiteElo "1512"]
[BlackElo "2298"]
[PlyCount "48"]
[EventDate "2008.07.06"]

1. d4 Nf6 2. c4 g6 3. Nc3 Bg7 4. e4 d6 5. Bd3 O-O 6. f3 c5 7. d5 e6 8. Nge2
exd5 9. cxd5 a6 10. Be3 Re8 11. O-O b5 12. b3 b4 13. Bd2 bxc3 14. Nxc3 a5 15.
Rb1 Ba6 16. Bxa6 Nxa6 17. Nb5 Qb6 18. Qe2 c4+ 19. Be3 Qxb5 20. bxc4 Qd7 21. Rb6
Reb8 22. Rfb1 Qc7 23. Qb2 Nxd5 24. Bd4 Rxb6 0-1

[Event "C.to Italiano U16"]
[Site "Merano - Meran ITA"]
[Date "2008.07.07"]
[Round "2"]
[White "Fiducioso, Marco"]
[Black "Zordan, Antonio"]
[Result "1-0"]
[WhiteElo "2103"]
[BlackElo "1440"]
[PlyCount "129"]
[EventDate "2008.07.06"]

1. e4 e6 2. d4 d5 3. e5 c5 4. c3 Nc6 5. Nf3 Qb6 6. a3 c4 7. Nbd2 Nge7 8. Bxc4
Ng6 9. Be2 Be7 10. O-O O-O 11. Bd3 Nf4 12. Bc2 Qd8 13. b4 f5 14. exf6 Rxf6 15.
Nb3 Bd6 16. Re1 Qc7 17. Bxf4 Bxf4 18. g3 Bd6 19. Qd3 g6 20. Re2 Bd7 21. Rae1
Raf8 22. Ne5 Bxe5 23. dxe5 Rf3 24. Qd2 Ne7 25. Nc5 Bc8 26. Nd3 Bd7 27. Re3 R3f7
28. f4 Rc8 29. Nc5 b6 30. Nb3 Ba4 31. Nd4 Bd7 32. Rc1 b5 33. Nb3 Qb6 34. Qd4
Qxd4 35. Nxd4 a6 36. Nb3 Rc6 37. Nc5 Nc8 38. Ra1 Nb6 39. Bb3 Bc8 40. a4 Nd7 41.
Nxe6 bxa4 42. Bxd5 Rb6 43. Ng5 h6 44. Nxf7 Kg7 45. Nd6 Rb8 46. Nxc8 Rxc8 47.
Be6 Rc7 48. Bxd7 Rxd7 49. Rxa4 Ra7 50. Rd3 Kf7 51. Rd6 Rc7 52. Raxa6 Rxc3 53.
Ra7+ Ke8 54. Rxg6 Kf8 55. Rxh6 Kg8 56. Rd6 Rc1+ 57. Kg2 Rc2+ 58. Kh3 Rc8 59. e6
Re8 60. e7 Kf7 61. Rd8 Rxe7 62. Rxe7+ Kxe7 63. Rd1 Kf6 64. b5 Kg6 65. b6 1-0

[Event "C.to Italiano U16"]
[Site "Merano - Meran ITA"]
[Date "2008.07.07"]
[Round "2"]
[White "Forato, Enrico"]
[Black "Rossetti, Alberto"]
[Result "1-0"]
[WhiteElo "2059"]
[BlackElo "1689"]
[PlyCount "41"]
[EventDate "2008.07.06"]

1. e4 c6 2. d4 d5 3. Nc3 dxe4 4. Nxe4 Nf6 5. Nxf6+ exf6 6. Bf4 Bd6 7. Qd2 Bf5
8. Qe3+ Be6 9. Bd3 Bxf4 10. Qxf4 Nd7 11. Nf3 O-O 12. O-O c5 13. d5 g5 14. Qg3
Bxd5 15. Qh3 Re8 16. Qxh7+ Kf8 17. Rfe1 Be6 18. Bf5 Rc8 19. Rad1 Qc7 20. Bxe6
Rxe6 21. Rxe6 1-0

[Event "C.to Italiano U16"]
[Site "Merano - Meran ITA"]
[Date "2008.07.07"]
[Round "2"]
[White "Lisi, Davide"]
[Black "Molza, Giuseppe"]
[Result "1-0"]
[WhiteElo "1999"]
[BlackElo "1652"]
[PlyCount "123"]
[EventDate "2008.07.06"]

1. d4 d5 2. c4 e6 3. Nc3 Nf6 4. Bg5 Be7 5. Nf3 c6 6. e3 Nbd7 7. Rc1 O-O 8. Bd3
Re8 9. O-O h6 10. Bh4 Nh5 11. Bxe7 Qxe7 12. Nd2 Nhf6 13. f4 dxc4 14. Nxc4 Rd8
15. g4 Nd5 16. Qf3 N7b6 17. Ne5 f5 18. Kh1 Qh4 19. Rg1 Ne7 20. g5 Nd7 21. Nc4
Ng6 22. Rg3 hxg5 23. Rxg5 Qh6 24. Rh5 Nh4 25. Rxh6 Nxf3 26. Rh3 b5 27. Na5 Nd2
28. Rd1 Nc4 29. Nxc4 bxc4 30. Bxc4 Nb6 31. Bb3 Kf7 32. Kg1 Ba6 33. Rc1 Rac8 34.
Rh5 Kf6 35. Rg5 Nc4 36. Bxc4 Bxc4 37. Ne4+ fxe4 38. Rxc4 Rd5 39. Rc5 Rb8 40. b3
Rc8 41. b4 a6 42. a3 Rc7 43. Kg2 Rc8 44. Kg3 Rc7 45. Kg4 g6 46. h4 Rf5 47. Re5
Rxg5+ 48. fxg5+ Ke7 49. Rxe4 Rc8 50. h5 gxh5+ 51. Kxh5 Rh8+ 52. Kg4 Rg8 53. Re5
Rh8 54. Kf3 Rf8+ 55. Ke4 Rd8 56. Kd3 Rb8 57. Kc4 Kd7 58. g6 Ke7 59. Kc5 Kf6 60.
Kxc6 Kxg6 61. Rxe6+ Kf7 62. Re5 1-0

[Event "C.to Italiano U16"]
[Site "Merano - Meran ITA"]
[Date "2008.07.07"]
[Round "2"]
[White "Mameli, Gianluca"]
[Black "Stella, Andrea"]
[Result "0-1"]
[WhiteElo "1767"]
[BlackElo "2209"]
[PlyCount "58"]
[EventDate "2008.07.06"]

1. e4 e6 2. d4 d5 3. Nd2 c5 4. c3 cxd4 5. cxd4 Nc6 6. Ngf3 dxe4 7. Nxe4 Be7 8.
Bd3 Nf6 9. O-O O-O 10. Be3 Nd5 11. Nfg5 f5 12. Qh5 h6 13. h4 Qe8 14. Qe2 fxe4
15. Nxe4 e5 16. Bc4 Be6 17. Nc3 Qf7 18. Nxd5 Bxd5 19. Bxd5 Qxd5 20. Qh5 Qf7 21.
Qg4 Qf5 22. Qxf5 Rxf5 23. d5 Nd4 24. Rad1 Ne2+ 25. Kh1 Bxh4 26. g4 Rf7 27. Rfe1
Nd4 28. Bxd4 exd4 29. Rxd4 Bxf2 0-1

[Event "C.to Italiano U16"]
[Site "Merano - Meran ITA"]
[Date "2008.07.07"]
[Round "2"]
[White "Mandorino, Alessio"]
[Black "Piscitelli, Vito"]
[Result "1/2-1/2"]
[WhiteElo "1731"]
[BlackElo "2003"]
[PlyCount "75"]
[EventDate "2008.07.06"]

1. d4 Nf6 2. Nf3 g6 3. Bg5 Bg7 4. e3 O-O 5. Bd3 d6 6. Nbd2 Nbd7 7. O-O Qe8 8.
c3 e5 9. Qc2 Nh5 10. e4 h6 11. Be3 g5 12. g3 Qe6 13. Be2 Qg6 14. dxe5 dxe5 15.
Rfd1 Nhf6 16. h3 Re8 17. Nh2 Nb6 18. Bf1 Qh5 19. g4 Qg6 20. Bg2 h5 21. f3 Be6
22. Nhf1 Red8 23. Bxb6 axb6 24. Ne3 hxg4 25. hxg4 Nd7 26. b4 b5 27. Bf1 c6 28.
Nb3 Bxb3 29. axb3 Nb6 30. Nf5 Bf8 31. Qf2 Rxd1 32. Rxd1 Nc8 33. Rd8 Qe6 34. Qh2
Nb6 35. Nh6+ Kg7 36. Nf5+ Kg8 37. Nh6+ Kg7 38. Nf5+ 1/2-1/2

[Event "C.to Italiano U16"]
[Site "Merano - Meran ITA"]
[Date "2008.07.07"]
[Round "2"]
[White "Miglietta, Manuel"]
[Black "Cavaliere, Simone"]
[Result "0-1"]
[WhiteElo "1604"]
[BlackElo "1876"]
[PlyCount "102"]
[EventDate "2008.07.06"]

1. c4 Nf6 2. Nc3 g6 3. Nf3 Bg7 4. g3 d6 5. Bg2 e5 6. O-O O-O 7. d4 Nbd7 8. dxe5
dxe5 9. Qc2 c6 10. Rd1 Qc7 11. b3 Re8 12. Ng5 e4 13. Rb1 e3 14. Bxe3 Rxe3 15.
fxe3 Ng4 16. Rd3 Nc5 17. Nd1 Nxd3 18. exd3 Nxe3 19. Nxe3 Qe5 20. Re1 Qxg5 21.
Qe2 Bd4 22. Kh1 Bd7 23. Nc2 Re8 24. Qf1 Rxe1 25. Qxe1 Bg7 26. Qe3 Qg4 27. Bf3
Qf5 28. Qe4 Qf6 29. d4 h6 30. Kg2 Kh7 31. Qf4 Qe7 32. Kf2 Bf5 33. Ne3 Bb1 34.
a4 Ba2 35. b4 Qxb4 36. Qxf7 Qd2+ 37. Be2 Qxd4 38. Qxb7 Qc5 39. Qf7 Bb1 40. g4
Qe5 41. Qxa7 Qxh2+ 42. Ng2 Qe5 43. Qe3 Qd6 44. Qf4 Qc5+ 45. Ne3 Qa7 46. Bd1 Bd3
47. Qd6 Bd4 48. Qe6 Qc7 49. Bf3 Qh2+ 50. Ke1 Bc3+ 51. Kd1 Qd2# 0-1

[Event "C.to Italiano U16"]
[Site "Merano - Meran ITA"]
[Date "2008.07.07"]
[Round "2"]
[White "Pomaro, Alberto"]
[Black "Azzolin, Lorenzo"]
[Result "1-0"]
[WhiteElo "2246"]
[BlackElo "1698"]
[PlyCount "83"]
[EventDate "2008.07.06"]

1. e4 c5 2. Nf3 d6 3. d4 cxd4 4. Nxd4 Nf6 5. Nc3 g6 6. Be3 Bg7 7. f3 O-O 8. Qd2
Nc6 9. O-O-O Bd7 10. g4 Rc8 11. Kb1 Ne5 12. h4 Nc4 13. Bxc4 Rxc4 14. h5 Qa5 15.
Nb3 Qc7 16. hxg6 fxg6 17. Bh6 Rf7 18. Bxg7 Rxg7 19. e5 Ne8 20. Rhe1 Bc6 21. Nd4
Rxd4 22. Qxd4 Bxf3 23. Rd3 Rf7 24. a4 dxe5 25. Qxa7 Bxg4 26. Nd5 Qc6 27. Qa5 e4
28. Rc3 Qd6 29. Ne3 Be6 30. Rd1 Qf4 31. Qd8 Kf8 32. a5 h5 33. Qd4 Rf6 34. b4
Nd6 35. Rc5 Qh6 36. b5 Nf5 37. Qd8+ Kf7 38. Nd5 Bxd5 39. Qxd5+ Re6 40. a6 bxa6
41. Rc6 Ng7 42. Rf1+ 1-0

[Event "C.to Italiano U16"]
[Site "Merano - Meran ITA"]
[Date "2008.07.07"]
[Round "2"]
[White "Rombaldoni, Axel"]
[Black "Rasulo, Stefano"]
[Result "1-0"]
[WhiteElo "2374"]
[BlackElo "1736"]
[PlyCount "43"]
[EventDate "2008.07.06"]

1. e4 e6 2. d4 d5 3. Nc3 dxe4 4. Nxe4 Nd7 5. Bd3 Be7 6. Qe2 Ngf6 7. Ng5 O-O 8.
N1f3 c5 9. Be3 b6 10. O-O-O Qc7 11. h4 Bb7 12. Kb1 Rfd8 13. Rh3 Rac8 14. c3 c4
15. Bc2 e5 16. dxe5 Nxe5 17. Rxd8+ Rxd8 18. Bf4 Bd6 19. Nxe5 Re8 20. Re3 Nd5
21. Bxh7+ Kf8 22. Ng6+ 1-0

[Event "C.to Italiano U16"]
[Site "Merano - Meran ITA"]
[Date "2008.07.07"]
[Round "2"]
[White "Verardi, Alessandro"]
[Black "Dappiano, Andrea"]
[Result "1-0"]
[WhiteElo "1614"]
[BlackElo "1889"]
[PlyCount "67"]
[EventDate "2008.07.06"]

1. e4 e6 2. d4 d5 3. Nc3 Bb4 4. e5 c5 5. a3 Bxc3+ 6. bxc3 Ne7 7. Qg4 O-O 8. h4
Qc7 9. Bd3 cxd4 10. Ne2 Qxe5 11. Bf4 f5 12. Qg3 Qf6 13. Bxb8 Nc6 14. Bd6 Re8
15. cxd4 e5 16. dxe5 Nxe5 17. Bxe5 Rxe5 18. O-O Bd7 19. Qg5 Qf7 20. Rab1 b6 21.
Nd4 h6 22. Qg3 Rae8 23. Nf3 R5e7 24. Rfe1 Rxe1+ 25. Nxe1 d4 26. Qd6 g5 27. Qxh6
g4 28. Qd6 Qg7 29. Bc4+ Kh7 30. Nd3 Ba4 31. Bb5 Bxb5 32. Rxb5 Rf8 33. Nf4 g3
34. Ne6 1-0

[Event "C.to Italiano U16"]
[Site "Merano - Meran ITA"]
[Date "2008.07.08"]
[Round "3"]
[White "Coladangelo, Andrea"]
[Black "Rombaldoni, Axel"]
[Result "0-1"]
[WhiteElo "1866"]
[BlackElo "2374"]
[PlyCount "76"]
[EventDate "2008.07.06"]

1. e4 c5 2. Nf3 a6 3. d4 cxd4 4. Nxd4 Nf6 5. Nc3 e5 6. Nb3 Bb4 7. Bd3 d5 8.
exd5 Qxd5 9. O-O Bxc3 10. bxc3 O-O 11. c4 Qc6 12. f3 Be6 13. Qe2 Nbd7 14. Bb2
Rac8 15. Bxe5 Nxe5 16. Qxe5 Bxc4 17. Rfe1 Rfe8 18. Qg3 Bxd3 19. cxd3 Qd5 20. d4
Nd7 21. Rxe8+ Rxe8 22. Re1 Rc8 23. Qf2 a5 24. Rc1 Rxc1+ 25. Nxc1 Qc4 26. Qd2
Nf6 27. Ne2 h6 28. Kf2 a4 29. Nc3 b5 30. a3 Qb3 31. Ke2 Ne8 32. Qd3 Nd6 33. Nb1
Qb2+ 34. Kf1 Nc4 35. d5 Qxb1+ 36. Qxb1 Nd2+ 37. Ke2 Nxb1 38. d6 Kf8 0-1

[Event "C.to Italiano U16"]
[Site "Merano - Meran ITA"]
[Date "2008.07.08"]
[Round "3"]
[White "Dappiano, Andrea"]
[Black "Bouanani, Denis"]
[Result "1-0"]
[WhiteElo "1889"]
[BlackElo "1473"]
[PlyCount "55"]
[EventDate "2008.07.06"]

1. c4 Nf6 2. Nc3 d5 3. cxd5 Nxd5 4. g3 Nxc3 5. bxc3 Bf5 6. Bg2 c6 7. e4 Bg6 8.
d4 e6 9. Ne2 Be7 10. O-O O-O 11. Nf4 Bg5 12. h4 Bxf4 13. Bxf4 Nd7 14. h5 Bxh5
15. Qxh5 Nf6 16. Qe2 Re8 17. Rab1 b6 18. Bg5 e5 19. d5 cxd5 20. exd5 h6 21.
Bxf6 Qxf6 22. Qe4 Rac8 23. Rbc1 Qd6 24. Qb4 Qd7 25. Rfd1 Rcd8 26. Bf1 Qb7 27.
Bb5 Rf8 28. Qe4 1-0

[Event "C.to Italiano U16"]
[Site "Merano - Meran ITA"]
[Date "2008.07.08"]
[Round "3"]
[White "Dritsakos, Alessio"]
[Black "Forato, Enrico"]
[Result "0-1"]
[WhiteElo "1848"]
[BlackElo "2059"]
[PlyCount "94"]
[EventDate "2008.07.06"]

1. e4 c5 2. Nf3 d6 3. d4 cxd4 4. Nxd4 Nf6 5. Nc3 a6 6. f3 e6 7. Bc4 Qc7 8. Bb3
Nc6 9. Be3 b5 10. Nxc6 Qxc6 11. Qd2 Nd7 12. a4 Rb8 13. axb5 axb5 14. Ba7 Ra8
15. O-O Be7 16. Kh1 O-O 17. Nd5 Bd8 18. Nb4 Qc7 19. Bf2 Rxa1 20. Rxa1 Nc5 21.
Ba2 Be7 22. c3 Bb7 23. Rd1 Rd8 24. Bg3 Qa5 25. h3 Na6 26. Bb1 Nxb4 27. cxb4 Qa4
28. Bc2 Qa6 29. Qd3 g6 30. Bb3 d5 31. exd5 Bxd5 32. Qc3 Bxb3 33. Rxd8+ Bxd8 34.
Qxb3 Bf6 35. Kh2 Qa1 36. Qd3 Qa4 37. Qd2 Qb3 38. Bd6 Qxb2 39. Qxb2 Bxb2 40. Kg3
e5 41. Kf2 f5 42. Ke2 Kf7 43. f4 e4 44. Ke3 Ke6 45. Bc7 Bc3 46. Ba5 Kd5 47. g4
Kc4 0-1

[Event "C.to Italiano U16"]
[Site "Merano - Meran ITA"]
[Date "2008.07.08"]
[Round "3"]
[White "Fiorentini, Paolo"]
[Black "Ferri, Fabio"]
[Result "1/2-1/2"]
[WhiteElo "1946"]
[BlackElo "1662"]
[PlyCount "93"]
[EventDate "2008.07.06"]

1. d4 Nf6 2. c4 e6 3. Nf3 b6 4. a3 Bb7 5. Nc3 c5 6. d5 exd5 7. cxd5 d6 8. e4
Be7 9. Bd3 O-O 10. O-O Ba6 11. Qe2 Bxd3 12. Qxd3 Nbd7 13. Rd1 Ng4 14. Bf4 a6
15. a4 Nge5 16. Bxe5 Nxe5 17. Nxe5 dxe5 18. Qc4 Bd6 19. Re1 f5 20. exf5 Rxf5
21. Qg4 Qd7 22. Ne4 Raf8 23. Ra3 Qe7 24. Rg3 Rf4 25. Qe2 c4 26. Qxc4 Bc5 27.
d6+ Qf7 28. Qxf7+ R8xf7 29. Nxc5 bxc5 30. Rd3 Rd7 31. b3 Rd4 32. Rxd4 exd4 33.
Re5 Rxd6 34. Rxc5 d3 35. Rc1 Kf7 36. Rd1 Ke6 37. Kf1 Ke5 38. Ke1 Kd4 39. Kd2
Rc6 40. Rc1 Rxc1 41. Kxc1 Kc3 42. a5 Kxb3 43. Kd2 Kc4 44. h4 Kd4 45. f3 g6 46.
g4 h5 47. g5 1/2-1/2

[Event "C.to Italiano U16"]
[Site "Merano - Meran ITA"]
[Date "2008.07.08"]
[Round "3"]
[White "Gregori, Giuliano"]
[Black "Pomaro, Alberto"]
[Result "0-1"]
[WhiteElo "1860"]
[BlackElo "2246"]
[PlyCount "104"]
[EventDate "2008.07.06"]

1. d4 Nf6 2. c4 g6 3. Nc3 Bg7 4. e4 d6 5. Nf3 O-O 6. Be2 e5 7. O-O Nc6 8. d5
Ne7 9. Nd2 a5 10. a3 Nd7 11. Rb1 f5 12. b4 Kh8 13. Nb3 axb4 14. axb4 Nf6 15. f3
f4 16. c5 g5 17. cxd6 cxd6 18. Na5 Qb6+ 19. Kh1 Nh5 20. Nc4 Qa7 21. Nb5 Qb8 22.
Bd2 Ra6 23. Be1 Bd7 24. Nca3 Rf6 25. Bf2 Rh6 26. Kg1 Nf6 27. h3 Qe8 28. Re1 Qh5
29. Bf1 g4 30. fxg4 Bxg4 31. Be2 Bxe2 32. Qxe2 Qg5 33. Rb3 Rg6 34. Qf1 Ne8 35.
Nc4 Ra2 36. Nc3 Ra8 37. Na5 Qh5 38. Nb5 Qg5 39. Bb6 Qf6 40. Rc1 Bh6 41. Rf3 Rg7
42. Nc7 Nxc7 43. Rxc7 Rag8 44. Rxb7 Rxg2+ 45. Qxg2 Rxg2+ 46. Kxg2 Qg6+ 47. Kf2
Bg5 48. Bd8 Bh4+ 49. Kf1 Qxe4 50. Rf2 Qd3+ 51. Kg2 Qg3+ 52. Kh1 Qxf2 0-1

[Event "C.to Italiano U16"]
[Site "Merano - Meran ITA"]
[Date "2008.07.08"]
[Round "3"]
[White "Rombaldoni, Brian"]
[Black "Lisi, Davide"]
[Result "0-1"]
[WhiteElo "1797"]
[BlackElo "1999"]
[PlyCount "92"]
[EventDate "2008.07.06"]

1. d4 Nf6 2. Nf3 e6 3. Bf4 b6 4. h3 Bb7 5. Nbd2 Be7 6. e3 c5 7. Be2 O-O 8. O-O
Nc6 9. c4 d5 10. Nb3 Rc8 11. Rc1 cxd4 12. Nbxd4 Nxd4 13. Nxd4 dxc4 14. Bxc4 Nd5
15. Qg4 Bf6 16. Bg3 Bg5 17. Rfe1 g6 18. h4 Bh6 19. Be5 Re8 20. Nb5 Bf8 21. h5
a6 22. Nd4 Nf6 23. Qh3 Bg7 24. Red1 Qe7 25. hxg6 hxg6 26. Ne2 Nd5 27. Bd4 Bxd4
28. Rxd4 Kg7 29. Rh4 Rh8 30. Rxh8 Rxh8 31. Qg3 Qf6 32. b3 b5 33. Bxd5 Bxd5 34.
Nd4 Rh5 35. f3 Rg5 36. Qd6 Bxf3 37. Nxf3 Qxf3 38. Qd2 Rxg2+ 39. Qxg2 Qxe3+ 40.
Kh2 Qxc1 41. Qb7 Qd2+ 42. Kg3 Qxa2 43. Qf3 Qb2 44. Kg4 Qd4+ 45. Kg3 Qe5+ 46.
Kh4 Qh5+ 0-1

[Event "C.to Italiano U16"]
[Site "Merano - Meran ITA"]
[Date "2008.07.08"]
[Round "3"]
[White "Stella, Andrea"]
[Black "Collato, Luca"]
[Result "1-0"]
[WhiteElo "2209"]
[BlackElo "1864"]
[PlyCount "63"]
[EventDate "2008.07.06"]

1. d4 f5 2. Bg5 d6 3. Nc3 h6 4. Bf4 Nf6 5. e4 g5 6. Bd2 Nc6 7. Bb5 Bd7 8. Bxc6
Bxc6 9. d5 Bd7 10. f4 g4 11. e5 Nh5 12. e6 Bc8 13. Nge2 c6 14. Nd4 cxd5 15.
Nxd5 Bg7 16. Nxf5 Bxe6 17. Qxg4 Bxd5 18. Qxh5+ Bf7 19. Nxg7+ Kf8 20. Qg4 Qc8
21. Qxc8+ Rxc8 22. Nf5 Rxc2 23. Ne3 Rc6 24. Bc3 Rg8 25. Kf2 Bg6 26. f5 Bf7 27.
g4 Ke8 28. Rhe1 Kd7 29. a3 e6 30. Rad1 exf5 31. Nxf5 Bh5 32. Re7+ 1-0

[Event "C.to Italiano U16"]
[Site "Merano - Meran ITA"]
[Date "2008.07.08"]
[Round "3"]
[White "Stips, Felix"]
[Black "Bongioanni, Alberto"]
[Result "1-0"]
[WhiteElo "2061"]
[BlackElo "1548"]
[PlyCount "69"]
[EventDate "2008.07.06"]

1. Nf3 Nf6 2. c4 e6 3. Nc3 d5 4. d4 c6 5. cxd5 exd5 6. Qc2 Be7 7. Bf4 Nbd7 8.
e3 O-O 9. h3 Re8 10. Bd3 Nf8 11. O-O-O a5 12. g4 Bd7 13. Rdg1 b5 14. g5 Nh5 15.
Bh2 a4 16. Ne5 g6 17. h4 Qa5 18. Be2 Ng7 19. Bg4 Bxg4 20. Nxg4 Nh5 21. Nh6+ Kh8
22. Nxf7+ Kg7 23. Nh6 Nd7 24. f4 Bb4 25. Nd1 a3 26. Kb1 axb2 27. Qxb2 Ra6 28.
f5 Rea8 29. Rg2 Ba3 30. Qb3 Nb6 31. Be5+ Kf8 32. Rf1 Nc4 33. fxg6+ Ke8 34. gxh7
Nd2+ 35. Rxd2 1-0

[Event "C.to Italiano U16"]
[Site "Merano - Meran ITA"]
[Date "2008.07.08"]
[Round "3"]
[White "Valsecchi, Alessio"]
[Black "Mandorino, Alessio"]
[Result "1-0"]
[WhiteElo "2298"]
[BlackElo "1731"]
[PlyCount "37"]
[EventDate "2008.07.06"]

1. e4 e6 2. d4 d5 3. Nd2 dxe4 4. Nxe4 Nf6 5. Nxf6+ Qxf6 6. Nf3 h6 7. Bd3 Bd6 8.
O-O O-O 9. Qe2 Qe7 10. Re1 Re8 11. Ne5 Nd7 12. Qg4 Qf6 13. Qe4 Nf8 14. Re3 Qe7
15. Rg3 f5 16. Qe2 Kh8 17. Bf4 Bd7 18. Qh5 Kh7 19. Bg5 1-0

[Event "C.to Italiano U16"]
[Site "Merano - Meran ITA"]
[Date "2008.07.08"]
[Round "3"]
[White "Wieser, Josef"]
[Black "Fiducioso, Marco"]
[Result "1/2-1/2"]
[WhiteElo "1818"]
[BlackElo "2103"]
[PlyCount "66"]
[EventDate "2008.07.06"]

1. e4 e6 2. d4 d5 3. e5 c5 4. c3 Nc6 5. f4 Nh6 6. Nf3 Qb6 7. Qa4 Bd7 8. Bb5
Nxe5 9. Bxd7+ Nxd7 10. Ne5 O-O-O 11. O-O Nxe5 12. fxe5 cxd4 13. cxd4 Nf5 14.
Bg5 Be7 15. Bxe7 Nxe7 16. Rxf7 Nc6 17. Na3 Rhf8 18. Rxg7 Nxd4 19. Kh1 Qxb2 20.
Rg1 Qf2 21. h3 Nc6 22. Rc1 Qb6 23. Rb1 Qe3 24. Rgxb7 Rf1+ 25. Rxf1 Kxb7 26.
Rf7+ Kb8 27. Qxc6 Qe1+ 28. Kh2 Qxe5+ 29. Kg1 Qe3+ 30. Kh2 Qe5+ 31. g3 Qe2+ 32.
Kg1 Qe3+ 33. Kg2 Qe4+ 1/2-1/2

[Event "C.to Italiano U16"]
[Site "Merano - Meran ITA"]
[Date "2008.07.08"]
[Round "4"]
[White "Castellini, Alessandro"]
[Black "Dappiano, Andrea"]
[Result "0-1"]
[WhiteElo "1600"]
[BlackElo "1889"]
[PlyCount "76"]
[EventDate "2008.07.06"]

1. e4 e6 2. Nf3 d5 3. exd5 exd5 4. d4 Bd6 5. Bd3 Bg4 6. h3 Bh5 7. c3 Nc6 8. O-O
Nge7 9. Bg5 f6 10. Bh4 Qd7 11. a4 O-O-O 12. Bg3 g5 13. Bxd6 Qxd6 14. g4 Bg6 15.
Be2 h5 16. gxh5 Bxh5 17. Kg2 Rdg8 18. Rg1 g4 19. hxg4 Bxg4 20. Kf1 Bxf3 21.
Bxf3 Rxg1+ 22. Kxg1 Qf4 23. Nd2 Nf5 24. Qe2 Ncxd4 25. cxd4 Nxd4 26. Qe3 Nxf3+
27. Nxf3 Qg4+ 28. Kf1 Kd7 29. Rd1 c6 30. b3 Qh3+ 31. Ke2 Re8 32. Rd3 Rxe3+ 33.
Rxe3 Qg4 34. Kd2 Qf4 35. Ke2 a6 36. Nd2 b5 37. axb5 axb5 38. Rf3 Qg4 0-1

[Event "C.to Italiano U16"]
[Site "Merano - Meran ITA"]
[Date "2008.07.08"]
[Round "4"]
[White "Caverzan, Leonardo"]
[Black "Stips, Felix"]
[Result "0-1"]
[WhiteElo "1856"]
[BlackElo "2061"]
[PlyCount "78"]
[EventDate "2008.07.06"]

1. b3 e5 2. Bb2 Nc6 3. Nf3 e4 4. Nd4 Nxd4 5. Bxd4 d5 6. d3 exd3 7. cxd3 Nf6 8.
Qc2 c5 9. Be3 Ng4 10. Qd2 Qf6 11. Nc3 Be6 12. Rc1 Nxe3 13. fxe3 b6 14. e4 d4
15. Nb5 Qe5 16. g3 a6 17. Na3 Bd6 18. Nc4 Bxc4 19. bxc4 h5 20. Rb1 Rb8 21. Bg2
h4 22. g4 h3 23. Bf3 b5 24. Qa5 O-O 25. cxb5 axb5 26. Qd2 c4 27. e3 dxe3 28.
Qxe3 Bc5 29. Qe2 cxd3 30. Qxd3 Rfd8 31. Qb3 Ra8 32. Qb2 Bd4 33. Qxb5 Bc3+ 34.
Kf1 Rab8 35. Qxe5 Rxb1+ 36. Ke2 Rb2+ 37. Ke3 Bxe5 38. a4 g5 39. Rc1 Bf4# 0-1

[Event "C.to Italiano U16"]
[Site "Merano - Meran ITA"]
[Date "2008.07.08"]
[Round "4"]
[White "Fiducioso, Marco"]
[Black "Rossetti, Alberto"]
[Result "1-0"]
[WhiteElo "2103"]
[BlackElo "1689"]
[PlyCount "99"]
[EventDate "2008.07.06"]

1. e4 c6 2. d4 d5 3. Nc3 dxe4 4. Nxe4 Nd7 5. Ng5 Ngf6 6. Bd3 e6 7. N1f3 Bd6 8.
Qe2 h6 9. Ne4 Nxe4 10. Qxe4 Nf6 11. Qe2 Qc7 12. O-O b6 13. Ne5 Bb7 14. Bf4 O-O
15. Bg3 Qe7 16. Bh4 g5 17. Bg3 c5 18. c3 cxd4 19. cxd4 Rac8 20. f4 Kg7 21. Rf2
Nd7 22. fxg5 hxg5 23. Qh5 f5 24. Nxd7 Bxg3 25. hxg3 Rh8 26. Qe2 Qxd7 27. Qe5+
Kg8 28. Qf6 Qf7 29. Qxg5+ Qg7 30. Qxg7+ Kxg7 31. Re2 Bd5 32. Re5 Rhd8 33. g4
fxg4 34. Rg5+ Kf7 35. Rxg4 Rg8 36. Rf1+ Ke7 37. Rff4 Bxa2 38. Rxg8 Rxg8 39. g4
Bd5 40. Kh2 Rf8 41. Rxf8 Kxf8 42. Kg3 Kg7 43. g5 a5 44. Kf4 Bb3 45. Ke5 Bd5 46.
Kd6 a4 47. Bc2 b5 48. Kc5 Bc4 49. Bxa4 Kg6 50. Bxb5 1-0

[Event "C.to Italiano U16"]
[Site "Merano - Meran ITA"]
[Date "2008.07.08"]
[Round "4"]
[White "Forato, Enrico"]
[Black "Albertini, Luca"]
[Result "1-0"]
[WhiteElo "2059"]
[BlackElo "1887"]
[PlyCount "65"]
[EventDate "2008.07.06"]

1. e4 e5 2. Nf3 Nc6 3. d4 exd4 4. Bc4 Bb4+ 5. c3 dxc3 6. bxc3 Ba5 7. O-O d6 8.
Qb3 Qe7 9. e5 dxe5 10. Ba3 Qf6 11. Re1 Bb6 12. Nbd2 Bf5 13. Nxe5 Bxf2+ 14. Kxf2
Bc2+ 15. Ndf3 Bxb3 16. Ng4+ Qe6 17. axb3 Qxe1+ 18. Rxe1+ Kd8 19. Ng5 Nf6 20.
Nxf7+ Kd7 21. Nxf6+ gxf6 22. Be6+ Ke8 23. Nxh8 Ne5 24. Bf5 Rd8 25. Bxh7 Rd7 26.
Bf5 Rd2+ 27. Re2 Rd3 28. Ng6 Kf7 29. Nxe5+ fxe5 30. g4 Kf6 31. h4 a5 32. c4 Rd8
33. Bb2 1-0

[Event "C.to Italiano U16"]
[Site "Merano - Meran ITA"]
[Date "2008.07.08"]
[Round "4"]
[White "Gant, Francesco"]
[Black "Coladangelo, Andrea"]
[Result "0-1"]
[WhiteElo "1491"]
[BlackElo "1866"]
[PlyCount "82"]
[EventDate "2008.07.06"]

1. Nf3 Nf6 2. b3 g6 3. Bb2 Bg7 4. e4 d6 5. h3 O-O 6. d3 Nc6 7. Be2 e5 8. Nbd2
Nh5 9. O-O Nf4 10. Nc4 f5 11. Ne3 Ne7 12. Nd2 Nxe2+ 13. Qxe2 f4 14. Ng4 g5 15.
c3 c5 16. d4 Kh8 17. dxe5 dxe5 18. c4 Ng6 19. Rfd1 Qe7 20. Nf3 h5 21. Ngh2 g4
22. hxg4 hxg4 23. Ne1 Qh4 24. Bc1 Bf6 25. Rd3 Rf7 26. g3 Qh5 27. f3 fxg3 28.
Nxg4 Rh7 29. Qg2 Bh4 30. Nc2 Bxg4 31. fxg4 Qxg4 32. Ne3 Qh5 33. Nf5 Nf4 34.
Bxf4 exf4 35. Nxh4 Qxh4 36. Rf1 Rf8 37. Rxg3 Qf6 38. Rg4 Qd4+ 39. Rf2 f3 40.
Qf1 Rf6 41. Rg3 Rfh6 0-1

[Event "C.to Italiano U16"]
[Site "Merano - Meran ITA"]
[Date "2008.07.08"]
[Round "4"]
[White "Gaspardo, Francesco"]
[Black "Fiorentini, Paolo"]
[Result "1/2-1/2"]
[WhiteElo "1656"]
[BlackElo "1946"]
[PlyCount "49"]
[EventDate "2008.07.06"]

1. d4 Nf6 2. c4 e6 3. Nc3 Bb4 4. a3 Bxc3+ 5. bxc3 d6 6. f3 O-O 7. e4 Nbd7 8.
Be3 b6 9. Bd3 c5 10. Ne2 Ba6 11. O-O Rc8 12. Qa4 Nb8 13. Rad1 Qd7 14. Qc2 Qc7
15. d5 exd5 16. exd5 Rce8 17. Bg5 Nbd7 18. f4 h6 19. Rf3 hxg5 20. fxg5 Bc8 21.
Rh3 Ne5 22. Bh7+ Kh8 23. Bf5+ Kg8 24. Bh7+ Kh8 25. Bf5+ 1/2-1/2